Computer Graphics C Version (Record no. 1094)

MARC details
000 -LEADER
fixed length control field 00284nam a22001337a 4500
041 ## - LANGUAGE CODE
Language code of text/sound track or separate title ENG
100 ## - MAIN ENTRY--PERSONAL NAME
Personal name Hearn.D.D
245 ## - TITLE STATEMENT
Title Computer Graphics C Version
250 ## - EDITION STATEMENT
Edition statement Second Ed
260 ## - PUBLICATION, DISTRIBUTION, ETC. (IMPRINT)
Place of publication, distribution, etc Delhi
Name of publisher, distributor, etc Pearson
Date of publication, distribution, etc 1998
300 ## - PHYSICAL DESCRIPTION
Extent 660
650 ## - SUBJECT ADDED ENTRY--TOPICAL TERM
Topical term or geographic name as entry element Math's
856 ## - ELECTRONIC LOCATION AND ACCESS
Uniform Resource Identifier M.Tech ( 7 )
Holdings
Withdrawn status Lost status Source of classification or shelving scheme Damaged status Not for loan Home library Current library Shelving location Date acquired Cost, normal purchase price Total Checkouts Barcode Date last seen Price effective from Koha item type
    Dewey Decimal Classification     College of Agricultural Engineering and Technology, Dapoli , Library College of Agricultural Engineering and Technology, Dapoli , Library Book Cart 15/09/2021 699.00   006172 15/09/2021 15/09/2021 Books

Contact Us: College of Agricultural Engineering and Technology, Dapoli, Dist.- Ratnagiri
Website: https://dbskkv.org Email: caetlibrary2015@gmail.com